Aby nebolo opustených oddielov

Bibliographic Details
Main Author: Mensatorisová, G. (Author)
Format: Article
Language:Slovak

MARC

LEADER 00000nab a2200000ua 4500
001 vtls010788008
003 SK-MaSNL
005 20260303152558.0
008 230222s xo |||||||||||||||||slo|
035 |a (urnnbn)urn:nbn:sk:snk:ar-a00aa2 
035 |a (uuid)f042bc67-42c0-4fb4-b4de-7b1e768b8a27 
035 |a urn:nbn:sk:snk-ab46ep 
040 |a SNKBUCL  |b slo  |c SNKBUCL  |e AACR2 
041 0 |a slo 
044 |a xo  |c SK 
100 1 |a Mensatorisová, G.  |4 aut  |9 1010643 
245 1 0 |a Aby nebolo opustených oddielov  |c G. Mensatorisová 
773 0 |t Rodina a škola  |g Roč. 10, č. 8 (1962-1963), s. 189 
954 |a odborná, vedecká literatúra pôvodná (slovenská)  |2 lita 
958 |a OND 
958 |a EUIPO 
958 |a article3 
999 |c 2023948  |d 2025878